| 000 | 00738nam a2200229 a 4500 | ||
|---|---|---|---|
| 005 | 20240919063842.0 | ||
| 008 | 030910s19901993mx r 000 0 spa d | ||
| 020 | _a9684366558 (v. 1) | ||
| 020 | _a9684366507 (v. 2) | ||
| 035 | _aUPN01000128727 | ||
| 049 | _aCG | ||
| 050 | 4 |
_aHC135 _bT6.3 |
|
| 100 | 1 | _aTorre, Francisco de la | |
| 245 | 1 | 0 |
_aEstructura socioeconómica de México / _cFrancisco de la Torre, Norah Julieta Medina López. |
| 260 |
_aMéxico : _bProgreso, _c1990-1993. |
||
| 300 | _a2 v. | ||
| 651 | 4 |
_aMéxico _xCondiciones económicas _95661 |
|
| 651 | 4 |
_aMéxico _xCondiciones sociales _94559 |
|
| 651 | 4 |
_aMéxico _xPolítica y gobierno _94512 |
|
| 700 | 1 |
_aMedina López, Norah Julieta, _ecoaut. |
|
| 905 | _aLibro | ||
| 999 |
_c100904 _d100904 |
||